00880cam a2200289 450000100060000000300080000600500170001400800410003102000280007203500190010004000230011904100080014206000260015008200250017610000240020124500700022525000170029526000420031230000310035435000090038549000550039450400260044965000140047565000140048970000300050383000570053375080BD-RjUL20211209082636.0700713r19731969enka b 000 0 eng b a(0713122501) 0713124253 a(BD-RjUL)75298 aDLCcDLCdDLCbeng aeng aWl IN534N no. 19 196900a571.74223bEBC 19731 aEbling, Johnd1918-00aChemical communication,cby John Ebling-[and] Kenneth C. Highnam. aELBS edition aLondon:bEdward Arnold,cc1969.[1973] a[6], 66 p.billus.c23 cm. a14/-1 aInstitute of Biology. Studies in biology ;vno. 19 aBibliography: p. [66] 0aHormones. 2aHormones.1 aHighnam, Kenneth Charles, 0aInstitute of Biology's studies in biology ;vno. 19.